书目信息 |
| 题名: |
道路路基和路面工程
|
|
| 作者: | 姚祖康 编著 | |
| 分册: | ||
| 出版信息: | 上海 同济大学出版社 1994.07 |
|
| 页数: | 318页 | |
| 开本: | 16开 | |
| 丛书名: | ||
| 单 册: | ||
| 中图分类: | ||
| 科图分类: | ||
| 主题词: | 道路工程 | |
| 电子资源: | ||
| ISBN: | 7-5608-1373-9 | |
| 000 | 00570nam0 2200205 45 | |
| 001 | 9909141793 | |
| 005 | 20010323095449.1 | |
| 010 | @a7-5608-1373-9@d22.00元 | |
| 100 | @a19990914d1994 km y0chiy0120 ea | |
| 101 | @achi | |
| 105 | @a z 000yy | |
| 200 | 1 | @a道路路基和路面工程@ADao Lu Lu Ji He Lu Mian GongCheng@f姚祖康编著@FYao Zu Kang Bian Zhu |
| 210 | @a上海@c同济大学出版社@d1994.07 | |
| 215 | @a318页@d16开 | |
| 606 | 0 | @a道路工程 |
| 690 | @v3 | |
| 690 | @aU416@v3 | |
| 701 | @a姚祖康@4编著 | |
| 801 | @aCN@bPFTUser@c19990914 | |
| 905 | @dU416@eY389@b331667@f1 | |
| 道路路基和路面工程/姚祖康编著.-上海:同济大学出版社,1994.07 |
| 318页;16开 |
| ISBN 7-5608-1373-9:22.00元 |
| ● |
| 相关链接 |
|
|
|
正题名:道路路基和路面工程
索取号:U416/Y389
 
预约/预借
| 序号 | 登录号 | 条形码 | 馆藏地/架位号 | 状态 | 备注 |
| 1 | 331667 | 203316679 | 市政与环境工程学院资料室/ [索取号:U416/Y389] | 在馆 |